| 000 | 00858cam a2200265 a 4500 | ||
|---|---|---|---|
| 001 | 1756 | ||
| 005 | 20250820094355.0 | ||
| 020 | _a0670878545 | ||
| 020 | _a051488006992 | ||
| 040 |
_aDLC _cDLC _dDLC _beng |
||
| 050 | 0 | 0 |
_aPZ7.D1515 _bUm 1998 |
| 082 | 0 | 0 |
_a[Fic] _221 |
| 100 | 1 | _aDahl, Roald. | |
| 245 | 1 | 4 |
_aThe umbrella man and other stories / _cRoald Dahl. |
| 260 |
_aNew York : _bPuffin, _c1998. |
||
| 300 |
_a279 pages : _c20 cm |
||
| 505 | _aQ | ||
| 520 | _aThirteen stories, selected for teenagers, from Dahl's adult writings, including "The Great Automatic Grammatizator," "Mrs. Bixby and the Colonel's Coat," and "Vengeance is Mine Inc." | ||
| 521 |
_a860
_bLexile |
||
| 521 |
_aQ
_bRaz-Plus |
||
| 650 | 0 | _aShort stories, English. | |
| 650 | 1 | _aShort stories. | |
| 906 |
_a7 _bcbc _corignew _d1 _eocip _f19 _gy-gencatlg |
||
| 942 |
_2ddc _cBK _n0 |
||
| 999 |
_c1756 _d1756 |
||